=LDR 00000nam 2200000 4500 =001 INLIS000000000027815 =005 20130612130148 =008 ***********************************Ind** =035 ##$$a0010-061300000027815 =041 ##$$a Ind =082 ##$$a 574.192 =090 ##$$a 574.192, Haw p =100 ##$$a Hawab, MH =245 ##$$a Pengantar Biokimia, HM Hawab; Editor, Setiyono wahyudi =260 ##$$a 2004 $b Malang =300 ##$$a xiv,185 hlm, ilus, 22 cm =650 ##$$a Biokimia =700 ##$$a Wahyudi, setiyono =850 ##$$a NBPNMAT =990 ##$$a 0001/BPAP-NTB/20142014